000 00597nam a22001933 4500
001 193583
090 _a193583
100 _a20250103d u||y0pory50 ba
200 _aA levitaȯ̂
_eFenm̤eno ms̕tico e parapsicolg̤ico
_fAnna Maria Turi
_gtraduȯ̂ de Maria da Graȧ Tavares
210 _aLisboa
_cEdiė̳s 70
_dimp.1979
215 _a188, [4] p.
_cbrochado
_d22 cm
225 _aEsfinge
_h34
606 _933
_aPsicologia
675 _a159.9
_vPT
_zpor
700 _910031
_aTuri
_bAnna Maria
702 _910032
_aTavares
_bMaria da Graȧ
801 _aPT
_bBMMN
_gRPC
830 _cVanda
990 _cLIVROS